[Event "Gibtelecom Masters"]
[Site "Catalan Bay ENG"]
[Date "2007.01.30"]
[Round "7"]
[White "Dekker,Al"]
[Black "Sbia,B"]
[Result "1-0"]
[WhiteElo "2144"]
[BlackElo "1914"]
[EventDate "2007.01.23"]

1. e4 c5 2. Nf3 e6 3. d4 cxd4 4. Nxd4 a6 5. Bd3 Nf6 6. O-O Qc7 7. h3 Bc5 8.
Ne2 d6 9. c4 Nbd7 10. Nbc3 O-O 11. Bg5 h6 12. Bh4 g5 13. Bg3 Ne5 14. Rc1
Bd7 15. Kh1 Nxd3 16. Qxd3 e5 17. a3 a5 18. Nd1 Bc6 19. Nec3 Qe7 20. Ne3
Bxe3 21. Qxe3 Nxe4 22. Nxe4 f5 23. Nc3 f4 24. Qd3 fxg3 25. Qg6+ Qg7 26.
Qxd6 gxf2 27. Rc2 Rf6 28. Qxe5 Re8 29. Qg3 Re1 30. Rxe1 fxe1=Q+ 31. Qxe1
Qf7 32. Qg3 Qxc4 33. Rf2 Rxf2 34. Qxf2 Qe6 35. Kg1 Qe5 36. Nd1 Qe4 37. Ne3
Kg7 38. Nf5+ Kg6 39. Ng3 Qd3 40. Kh2 Qd6 41. Qf5+ Kg7 42. Qxa5 Qf4 43. Qc3+
Kf7 44. Kg1 Ke6 45. Ne2 Qe4 46. Nd4+ Kd7 47. Nxc6 bxc6 48. b4 Kc8 49. Qf3
Qe1+ 50. Kh2 Qe5+ 51. Qg3 Qf6 52. Qe3 Kb7 53. Kg3 h5 54. Kh2 Qd6+ 55. Kg1
Qf6 56. Qd3 h4 57. Qe3 Qa1+ 58. Kf2 Qf6+ 59. Ke2 Ka6 60. Kd3 Kb5 61. Kc2
Ka6 62. Qc5 Kb7 63. b5 cxb5 64. Qxb5+ Ka7 65. Qc5+ Ka6 66. a4 Qf4 67. Qc6+
Ka7 68. Kd3 Qf1+ 69. Kd4 Qf4+ 70. Kd5 Qf5+ 71. Kd6 Qf8+ 72. Kc7 Qf4+ 73.
Kd8 Qf8+ 74. Qe8 Qf4 75. Qd7+ Kb6 76. Qb5+ Ka7 77. Qc5+ Kb7 78. Qd5+ Kb8
79. a5 Qf8+ 80. Kd7 Qg7+ 81. Kc6 Qc3+ 82. Kb6 Qb4+ 83. Ka6 Kc7 84. Qf7+ Kb8
85. Qe8+ Kc7 86. Qe5+ Kc8 87. Qe6+ Kb8 88. Qb6+ 1-0

[Event "Gibtelecom Masters"]
[Site "Catalan Bay ENG"]
[Date "2007.01.30"]
[Round "7"]
[White "Dawson,J"]
[Black "Kvisla,J"]
[Result "0-1"]
[WhiteElo "2027"]
[BlackElo "2134"]
[EventDate "2007.01.23"]

1. e4 c5 2. Nf3 Nc6 3. Bb5 Na5 4. Be2 a6 5. O-O e6 6. Re1 b5 7. a4 b4 8. c3
Bb7 9. Bf1 Nf6 10. d3 Be7 11. Be3 O-O 12. Nbd2 Qb8 13. h3 Nc6 14. Nc4 Qc7
15. Qd2 d5 16. Bf4 Qd8 17. exd5 Nxd5 18. Bg3 Na5 19. Nfe5 Nb3 20. Qc2 Nxa1
21. Rxa1 Bh4 22. Bxh4 Qxh4 23. Nd7 Rfd8 24. Nxc5 Bc6 25. Ne5 Be8 26. d4
bxc3 27. bxc3 Rdc8 28. Rb1 Qg5 29. Nc4 a5 30. Bd3 g6 31. Be4 Rcb8 32. Rxb8
Rxb8 33. Bxd5 Qxd5 34. Nxa5 Ra8 35. c4 Qxd4 36. Nab3 Qe5 37. a5 Rc8 38. Ne4
Ba4 39. Ned2 Qe1+ 40. Nf1 Rb8 41. Qd2 Qxd2 42. Nbxd2 Ra8 43. Ne3 Rxa5 44.
Kf1 Bc6 45. Ke2 Kf8 46. Kd3 Ke7 47. g3 Kd6 48. Nc2 f5 49. f4 Ra2 50. Nd4
Ra1 51. Ne2 Ba4 52. Nc3 Kc5 53. Nf3 Ra3 54. Nd2 Bb3 55. g4 Kb4 56. Ndb1
Bxc4+ 57. Kd4 Ra8 58. Ke5 fxg4 59. hxg4 h5 60. Ne4 h4 61. Nbd2 h3 62. f5
exf5 63. gxf5 gxf5 64. Nf2 Ra2 65. Nxh3 Rxd2 66. Kxf5 Re2 67. Nf4 Re8 68.
Kg4 Kc5 69. Kf3 Kd4 70. Kg4 Ke4 71. Nh5 Be2+ 0-1

[Event "Gibtelecom Masters"]
[Site "Catalan Bay ENG"]
[Date "2007.01.30"]
[Round "7"]
[White "Johnsen Kjell,M"]
[Black "Urbina Perez,J"]
[Result "1/2-1/2"]
[WhiteElo "1890"]
[BlackElo "2114"]
[EventDate "2007.01.23"]

1. d4 d5 2. c4 e6 3. Nc3 Nf6 4. cxd5 exd5 5. Bg5 c6 6. e3 Bf5 7. Qf3 Bg6 8.
Bxf6 Qxf6 9. Qxf6 gxf6 10. O-O-O Nd7 11. Bd3 Rg8 12. g3 h6 13. h4 Bd6 14.
Nh3 O-O-O 15. Kb1 Nf8 16. Ka1 Ne6 17. Be2 Bf5 18. Bh5 Ng7 19. Bf3 Ne6 20.
Ne2 Rde8 21. Rdg1 Bd3 22. Rd1 Bf5 23. Rdg1 Bxh3 24. Rxh3 f5 25. Rhh1 Kd7
26. Kb1 Ke7 27. Bg2 Nc7 28. Bh3 Kf6 29. Nc1 Nb5 30. Nd3 Bc7 31. Rc1 Nd6 32.
Nc5 Bb6 33. Nd3 Ne4 34. Rc2 Bc7 35. Nc5 Nxc5 36. Rxc5 Bd6 37. Rc3 Re7 38.
Rd3 Ree8 39. Kc2 Re7 40. Kb1 1/2-1/2

[Event "Gibtelecom Masters"]
[Site "Catalan Bay ENG"]
[Date "2007.01.30"]
[Round "7"]
[White "Hamer,M"]
[Black "Compton,A"]
[Result "0-1"]
[WhiteElo "1987"]
[BlackElo "2093"]
[EventDate "2007.01.23"]

1. d4 e6 2. c4 d5 3. Nc3 c5 4. cxd5 exd5 5. Nf3 Nc6 6. g3 Nf6 7. Bg2 Be7 8.
O-O O-O 9. Be3 c4 10. Ne5 h6 11. b3 Qa5 12. Bd2 Bb4 13. Nxc6 bxc6 14. Rc1
Ba6 15. a3 Bxc3 16. Rxc3 Qb6 17. bxc4 dxc4 18. e3 Nd5 19. Bxd5 cxd5 20. Qa1
Rab8 21. Rd1 Bc8 22. f3 Qf6 23. Kg2 Bf5 24. g4 Bd3 25. Re1 Rb7 26. Bc1 Rb1
27. Qa2 Rfb8 28. Rd1 R8b2+ 29. Bxb2 Rxd1 30. Bc1 Qh4 0-1

[Event "Gibtelecom Masters"]
[Site "Catalan Bay ENG"]
[Date "2007.01.30"]
[Round "7"]
[White "Thurlow,K"]
[Black "Mayers,D"]
[Result "1-0"]
[WhiteElo "2119"]
[BlackElo "1965"]
[EventDate "2007.01.23"]

1. c4 e5 2. Nc3 c5 3. Nf3 Nc6 4. e3 f5 5. d3 Nf6 6. a3 g6 7. Qc2 Bg7 8. Rb1
a5 9. Be2 O-O 10. b3 Kh8 11. Bb2 d6 12. Nb5 Be6 13. d4 cxd4 14. exd4 e4 15.
Ng5 Bg8 16. d5 Ne5 17. Nd4 e3 18. f4 Ne4 19. g3 Nxg5 20. fxe5 dxe5 21. Nf3
Nxf3+ 22. Bxf3 e4 23. Bg2 Bxb2 24. Qxb2+ Qf6 25. Qxf6+ Rxf6 26. Ke2 a4 27.
Kxe3 b5 28. Kd4 axb3 29. c5 Rd8 30. d6 Bc4 31. Bf1 Rc8 32. Bxc4 bxc4 33.
Rhc1 e3 34. Rxc4 Re6 35. Rcc1 e2 36. Re1 Kg7 37. Rxb3 Kf6 38. Rc3 Re4+ 39.
Kd3 Re5 40. Rxe2 Rd5+ 41. Ke3 Re5+ 42. Kf2 Rexc5 43. Rxc5 Rxc5 44. Rd2 Rc8
45. d7 Rd8 46. Ke3 Ke5 47. h4 h6 48. a4 g5 49. a5 Ke6 50. a6 f4+ 51. Kf3
fxg3 52. hxg5 hxg5 53. a7 Ke7 54. Kxg3 g4 55. Kxg4 Rg8+ 56. Kf5 Rf8+ 57.
Ke5 Rd8 58. Rh2 Kxd7 59. Rd2+ 1-0

[Event "Gibtelecom Masters"]
[Site "Catalan Bay ENG"]
[Date "2007.01.30"]
[Round "7"]
[White "Solaroli,R"]
[Black "Van Kemenade,R"]
[Result "0-1"]
[WhiteElo "1960"]
[BlackElo "2048"]
[EventDate "2007.01.23"]

1. e4 d6 2. d4 Nf6 3. Bd3 g6 4. Nf3 Bg7 5. O-O O-O 6. c3 Nc6 7. Re1 e5 8.
Bg5 h6 9. Bh4 g5 10. Bg3 Nh5 11. d5 Ne7 12. Nfd2 Nf4 13. Bxf4 exf4 14. Qc2
Ng6 15. Nf3 g4 16. Nd4 Ne5 17. Nd2 Qg5 18. Nf1 a6 19. Qd2 h5 20. Rac1 Bh6
21. Kh1 Qg7 22. f3 Kh8 23. b3 Rg8 24. Nf5 Bxf5 25. exf5 gxf3 26. Bb1 fxg2+
27. Qxg2 Qxg2+ 0-1

[Event "Gibtelecom Masters"]
[Site "Catalan Bay ENG"]
[Date "2007.01.30"]
[Round "7"]
[White "Strand,H"]
[Black "Gonzalez Amaya,M"]
[Result "1-0"]
[WhiteElo "2015"]
[BlackElo "1891"]
[EventDate "2007.01.23"]

1. e4 e5 2. Nf3 Nf6 3. Nc3 Qe7 4. Bc4 h6 5. O-O c6 6. d4 d6 7. a4 Bg4 8.
Be3 Nbd7 9. h3 Bh5 10. Be2 g5 11. d5 Bg6 12. Nd2 Bg7 13. Nc4 c5 14. Nb5 O-O
15. f3 Ne8 16. a5 a6 17. Nc3 Nef6 18. Na4 Nh5 19. Nab6 Nxb6 20. Nxb6 Rad8
21. Bd3 Nf4 22. Rc1 f5 23. exf5 Bxf5 24. Bxf5 Rxf5 25. c4 Rdf8 26. b4 e4
27. bxc5 exf3 28. Rxf3 Qe4 29. Bxf4 Rxf4 30. Rxf4 Rxf4 31. cxd6 Bd4+ 32.
Kh1 Rf2 33. Qg4 Qe3 34. Qe6+ Kf8 35. Qxe3 Bxe3 36. Re1 Bc5 37. Nd7+ 1-0

[Event "Gibtelecom Masters"]
[Site "Catalan Bay ENG"]
[Date "2007.01.30"]
[Round "7"]
[White "Nyland,T"]
[Black "Kuenitz,K"]
[Result "1-0"]
[WhiteElo "2124"]
[BlackElo "1733"]
[EventDate "2007.01.23"]

1. d4 f5 2. c4 g6 3. Nc3 Bg7 4. Nf3 Nc6 5. d5 Ne5 6. Nxe5 Bxe5 7. g3 Nf6 8.
Bg2 O-O 9. O-O Nh5 10. Bf3 Qe8 11. Bxh5 gxh5 12. f4 Bxc3 13. bxc3 h4 14.
Be3 hxg3 15. hxg3 Qg6 16. Kf2 d6 17. Rh1 e5 18. Rh4 Rf7 19. Qh1 Rg7 20. Qh3
Bd7 21. Rh1 Re8 22. Rh6 Qg4 23. Rxh7 Qxh3 24. R7xh3 Rge7 25. Rg1 1-0

[Event "Gibtelecom Masters"]
[Site "Catalan Bay ENG"]
[Date "2007.01.30"]
[Round "7"]
[White "Yarur Elsaca,D"]
[Black "Stokes,I"]
[Result "0-1"]
[WhiteElo "1913"]
[BlackElo "2044"]
[EventDate "2007.01.23"]

1. d4 Nf6 2. Bg5 e6 3. e4 h6 4. Bxf6 Qxf6 5. Nf3 g5 6. e5 Qg7 7. c4 d6 8.
Nc3 a6 9. Bd3 g4 10. Nd2 dxe5 11. d5 Bc5 12. Qa4+ Bd7 13. Qb3 b6 14. Nde4
Bd4 15. O-O f5 16. Ng3 e4 17. Be2 h5 18. h4 gxh3 0-1

[Event "Gibtelecom Masters"]
[Site "Catalan Bay ENG"]
[Date "2007.01.30"]
[Round "7"]
[White "Gonzalez Nunez,M"]
[Black "Matto,M"]
[Result "1-0"]
[WhiteElo "1940"]
[BlackElo "1915"]
[EventDate "2007.01.23"]

1. e4 d6 2. d4 h6 3. Nf3 e6 4. Nc3 Be7 5. Bd3 Nf6 6. O-O Nbd7 7. Re1 e5 8.
Bc4 O-O 9. h3 a6 10. a4 Nb6 11. Bb3 exd4 12. Nxd4 c5 13. Nf3 c4 14. Ba2 Be6
15. Be3 Nbd7 16. Nd4 Qc7 17. Nxe6 fxe6 18. Qe2 Rac8 19. Rad1 Ne5 20. Bf4
Ng6 21. Bg3 Qc5 22. e5 dxe5 23. Bxe5 Nxe5 24. Qxe5 Qxe5 25. Rxe5 Rc6 26.
Kf1 Rd8 27. Rxd8+ Bxd8 28. Nd1 Bc7 29. Re2 Kf7 30. c3 Nd5 31. Bb1 Rd6 32.
g3 b5 33. Bc2 b4 34. Ne3 Nxe3+ 35. Rxe3 b3 36. Be4 Rd1+ 37. Re1 Rxe1+ 38.
Kxe1 Kf6 39. Bb7 a5 40. Ba6 Ke5 41. Bxc4 Kd6 42. Bxb3 e5 43. Ke2 Bd8 44. f3
Bg5 45. Bc2 Bc1 46. b4 axb4 47. cxb4 Ba3 48. b5 Kc5 49. Kd3 Bb2 50. Ke4 g6
51. h4 Bc3 52. g4 Bd4 53. h5 gxh5 54. gxh5 Bc3 55. Kf5 Bb2 56. Ke6 Bc3 57.
Kd7 Ba5 58. Ke6 Bc3 59. Bd3 Kb6 60. Be4 Bb2 61. Kf5 Bc3 62. f4 exf4 63. Kg6
Ka5 64. Kxh6 Kxa4 65. b6 Kb5 66. b7 Be5 67. Kg6 Kb6 68. h6 Kc7 69. Kf7 Bh8
70. Kg8 Be5 71. h7 Bd4 72. h8=Q Bxh8 73. Kxh8 Kb8 74. Kg7 Kc7 75. Kf6 Kb8
76. Kf5 1-0

[Event "Gibtelecom Masters"]
[Site "Catalan Bay ENG"]
[Date "2007.01.31"]
[Round "8"]
[White "Georgiev,Ki"]
[Black "Ramesh,R"]
[Result "1-0"]
[WhiteElo "2661"]
[BlackElo "2483"]
[EventDate "2007.01.23"]

1. d4 Nf6 2. Nf3 d5 3. c4 e6 4. g3 dxc4 5. Bg2 a6 6. Ne5 Bb4+ 7. Nc3 Nd5 8.
Bd2 Bxc3 9. bxc3 b5 10. a4 Bb7 11. e4 Nf6 12. Bg5 Nbd7 13. Qb1 O-O 14. Nxc4
c5 15. Nd6 Bc6 16. O-O Qc7 17. Bf4 Nh5 18. d5 Nxf4 19. gxf4 exd5 20. exd5
Qxd6 21. dxc6 Nf6 22. axb5 axb5 23. Rxa8 Rxa8 24. Qxb5 Qxf4 25. Qb7 Rf8 26.
h3 Ne8 27. Qe7 Nc7 28. Rd1 Ne6 29. Rd7 Qc1+ 30. Bf1 Qxc3 31. c7 1-0

[Event "Gibtelecom Masters"]
[Site "Catalan Bay ENG"]
[Date "2007.01.31"]
[Round "8"]
[White "Al Modiahki,M"]
[Black "Greet,A"]
[Result "1-0"]
[WhiteElo "2556"]
[BlackElo "2425"]
[EventDate "2007.01.23"]

1. e4 e5 2. Nf3 Nc6 3. Bb5 a6 4. Ba4 Nf6 5. O-O Be7 6. Re1 b5 7. Bb3 d6 8.
c3 O-O 9. h3 Na5 10. Bc2 c5 11. d4 Qc7 12. Nbd2 cxd4 13. cxd4 Rd8 14. b3
Nc6 15. Bb2 Bb7 16. d5 Nb4 17. Bb1 Rdc8 18. Qe2 Qb6 19. Nf1 a5 20. Ne3 g6
21. Nd2 Nd7 22. a3 Na6 23. Bd3 b4 24. a4 Qd8 25. Bb5 Nc7 26. Bxd7 Qxd7 27.
Ndc4 Ra6 28. f4 f6 29. Rf1 Ne8 30. Qf3 Ng7 31. fxe5 dxe5 32. Nxe5 fxe5 33.
Qf7+ Kh8 34. Bxe5 Rg8 35. Rac1 Rd6 36. Ng4 Qd8 37. Nh6 Rd7 38. Qe6 Bg5 39.
Nxg8 h5 40. Rc2 Be3+ 41. Kh1 1-0

[Event "Gibtelecom Masters"]
[Site "Catalan Bay ENG"]
[Date "2007.01.31"]
[Round "8"]
[White "Greenfeld,A"]
[Black "Rendle,T"]
[Result "0-1"]
[WhiteElo "2556"]
[BlackElo "2366"]
[EventDate "2007.01.23"]

1. d4 f5 2. c4 Nf6 3. Nc3 d6 4. Bg5 Nbd7 5. Qc2 e6 6. Nf3 Be7 7. O-O-O O-O
8. h3 c6 9. e3 d5 10. g4 Ne4 11. Bxe7 Qxe7 12. Bd3 e5 13. cxd5 Nxc3 14.
Qxc3 e4 15. d6 Qxd6 16. Bc4+ Kh8 17. Ne5 Qe7 18. Qa3 Qxa3 19. bxa3 g6 20.
Bb3 fxg4 21. Nf7+ Kg7 22. hxg4 Nf6 23. g5 Nd5 24. Ne5 Rxf2 25. Rh4 Bf5 26.
Rdh1 Rh8 27. Ng4 Rg2 28. Nf6 Nxf6 29. gxf6+ Kxf6 30. Rxh7 Rg1+ 31. Rxg1
Rxh7 32. Kd2 Rh2+ 33. Kc3 Rh3 34. Re1 g5 35. d5 Ke5 36. dxc6 bxc6 37. Kb4
g4 38. Bc4 Rf3 0-1

[Event "Gibtelecom Masters"]
[Site "Catalan Bay ENG"]
[Date "2007.01.31"]
[Round "8"]
[White "Cramling,P"]
[Black "Sengupta,D"]
[Result "0-1"]
[WhiteElo "2530"]
[BlackElo "2416"]
[EventDate "2007.01.23"]

1. d4 e6 2. Nf3 b6 3. g3 Bb7 4. Bg2 c5 5. O-O Nf6 6. c4 cxd4 7. Qxd4 Nc6 8.
Qd3 Rc8 9. b3 a6 10. a3 Be7 11. Bb2 Qc7 12. Nbd2 d6 13. Rac1 O-O 14. Qb1
Rfd8 15. Rfd1 Nb8 16. e4 Nbd7 17. b4 Qb8 18. Nd4 Qa8 19. Re1 Bf8 20. h3 g6
21. Rcd1 Bg7 22. N4b3 Ne8 23. Bxg7 Kxg7 24. Qb2+ e5 25. Nc1 f5 26. Na2 fxe4
27. Bxe4 Bxe4 28. Rxe4 Ndf6 29. Ree1 Qc6 30. Rc1 Qd7 31. Kh2 Qf5 32. Kg2
Nc7 33. Nf3 Ne6 34. Nxe5 dxe5 35. Rxe5 Rd2 36. Qxd2 Qxe5 37. Re1 Qd4 38.
Qe2 Re8 39. Rd1 Nf4+ 40. gxf4 Rxe2 41. Rxd4 Rxa2 42. Rd8 Rxa3 43. Rb8 b5
44. Rb7+ Kh6 45. cxb5 axb5 46. Rxb5 Nh5 47. f5 Nf4+ 48. Kg1 Nxh3+ 49. Kf1
Nf4 50. Ke1 Ra2 51. fxg6 Nd3+ 52. Kf1 hxg6 53. Rb8 Rxf2+ 54. Kg1 Rb2 55. b5
0-1

[Event "Gibtelecom Masters"]
[Site "Catalan Bay ENG"]
[Date "2007.01.31"]
[Round "8"]
[White "Sulskis,S"]
[Black "Mohota,N"]
[Result "1-0"]
[WhiteElo "2525"]
[BlackElo "2261"]
[EventDate "2007.01.23"]

1. e4 e5 2. Nf3 Nc6 3. Bb5 a6 4. Ba4 Nf6 5. O-O Be7 6. Re1 b5 7. Bb3 O-O 8.
c3 d6 9. d4 Bg4 10. Be3 exd4 11. cxd4 Na5 12. Bc2 c5 13. dxc5 dxc5 14. Nbd2
Nc6 15. a3 Bh5 16. Qb1 Bg6 17. e5 Nd5 18. Bxg6 hxg6 19. e6 fxe6 20. Qxg6
Rf6 21. Qg4 Nxe3 22. Rxe3 Nd4 23. Ne4 Nxf3+ 24. Rxf3 Rxf3 25. Qxf3 Qf8 26.
Qe2 Rd8 27. a4 c4 28. g3 Qf5 29. axb5 axb5 30. Kg2 Qe5 31. Ra6 Rd4 32. f3
Rd3 33. h4 b4 34. Ra8+ Bf8 35. Qf2 Rb3 36. Ra2 c3 37. bxc3 bxc3 38. Rc2 Bb4
39. Qb6 Qd5 40. Qb8+ Bf8 41. Qc8 Ra3 42. Ng5 Ra5 43. Rxc3 Ra2+ 44. Rc2 e5
45. Qf5 Rxc2+ 46. Qxc2 Be7 47. Qc8+ Bf8 48. Ne6 1-0

[Event "Gibtelecom Masters"]
[Site "Catalan Bay ENG"]
[Date "2007.01.31"]
[Round "8"]
[White "Houska,Jo"]
[Black "Tregubov,P"]
[Result "1/2-1/2"]
[WhiteElo "2384"]
[BlackElo "2613"]
[EventDate "2007.01.23"]

1. e4 c5 2. Nf3 Nc6 3. Bb5 d6 4. O-O Bd7 5. Re1 Nf6 6. h3 g6 7. c3 Ne5 8.
Bxd7+ Nfxd7 9. d4 Nxf3+ 10. Qxf3 Bg7 11. dxc5 Nxc5 12. Nd2 O-O 13. Nb3 Na4
14. Rd1 Qc7 15. Qe2 Rfc8 16. Be3 Qc4 17. Qxc4 Rxc4 18. Nd2 Rc7 19. Rab1 b5
20. Rdc1 Rac8 21. Nb3 b4 22. cxb4 Bxb2 23. Rxc7 Rxc7 24. b5 Rb7 25. e5 dxe5
26. Nc5 Nxc5 27. Rxb2 Na4 28. Rb3 f5 29. Ra3 Nb6 30. Ra6 Kf7 31. a4 Ke8 32.
g3 Kd7 33. h4 Kc7 34. Kh2 Kb8 35. h5 gxh5 36. Kh3 Nd5 37. Re6 f4 38. Bd2
fxg3 39. fxg3 Nb6 40. Rxe5 Nxa4 41. Rxh5 e6 42. Bf4+ Kc8 43. Rg5 Rd7 44.
Rg8+ Rd8 45. Rg7 Rd7 46. Rg8+ Rd8 1/2-1/2

[Event "Gibtelecom Masters"]
[Site "Catalan Bay ENG"]
[Date "2007.01.31"]
[Round "8"]
[White "Ehlvest,J"]
[Black "Paehtz,E"]
[Result "1-0"]
[WhiteElo "2610"]
[BlackElo "2451"]
[EventDate "2007.01.23"]

1. Nf3 d5 2. d4 Nf6 3. c4 c6 4. Qc2 g6 5. Bf4 Bg7 6. e3 O-O 7. Nc3 a6 8.
Be2 Bg4 9. Qb3 b5 10. cxd5 Nxd5 11. Nxd5 cxd5 12. Rc1 e6 13. O-O Ra7 14.
Rc2 Nd7 15. Rfc1 Bxf3 16. Bxf3 Nb6 17. Bc7 Rxc7 18. Rxc7 Nc4 19. Rc5 Bf6
20. Qc3 Be7 21. b3 Bxc5 22. bxc4 b4 23. Qb2 Be7 24. cxd5 exd5 25. Qb3 a5
26. Qa4 Kg7 27. g3 h5 28. h3 h4 29. g4 f5 30. gxf5 Rxf5 31. Bg4 Rf6 32. Rc8
Qd6 33. Qxa5 Rf7 34. Qa8 Qf6 35. Rc2 Qd6 36. Rc6 Qd8 37. Qxd8 Bxd8 38. Rd6
Bf6 1-0

[Event "Gibtelecom Masters"]
[Site "Catalan Bay ENG"]
[Date "2007.01.31"]
[Round "8"]
[White "Swinkels,R"]
[Black "Roiz,M"]
[Result "0-1"]
[WhiteElo "2428"]
[BlackElo "2605"]
[EventDate "2007.01.23"]

1. e4 e6 2. d4 d5 3. Nc3 Nf6 4. Bg5 dxe4 5. Nxe4 Be7 6. Bxf6 gxf6 7. Nf3
Nd7 8. Bc4 c5 9. d5 Nb6 10. Bb5+ Bd7 11. Bxd7+ Qxd7 12. dxe6 Qxd1+ 13. Rxd1
fxe6 14. b3 Nd5 15. c4 Nb4 16. a3 Nc6 17. h3 f5 18. Nc3 Bf6 19. Nb5 Ke7 20.
g4 a6 21. Nd6 Nd4 22. Nxd4 Bxd4 23. Nxb7 Rab8 24. Rxd4 cxd4 25. Na5 Rhc8
26. Kd2 Rc5 27. b4 Rxa5 28. bxa5 Rb3 29. gxf5 exf5 30. Rg1 Rxh3 31. Rg7+
Kd6 32. Ra7 Rxa3 33. Rxa6+ Kc5 34. Rf6 Ra2+ 35. Kd3 Rxf2 36. a6 Rf3+ 37.
Ke2 Ra3 38. Rxf5+ Kxc4 39. Rf7 Ra2+ 40. Kd1 Rxa6 41. Rxh7 Kc3 42. Rc7+ Kd3
43. Kc1 Rh6 44. Rg7 Rh1+ 45. Kb2 Re1 46. Rh7 Kd2 47. Rh4 d3 48. Rh2+ Re2
49. Rh1 Rg2 50. Kb3 Rf2 51. Kb2 Re2 52. Kb3 Re1 53. Rh2+ Ke3 54. Kc3 Rc1+
55. Kb2 d2 0-1

[Event "Gibtelecom Masters"]
[Site "Catalan Bay ENG"]
[Date "2007.01.31"]
[Round "8"]
[White "Tissir,M"]
[Black "Sachdev,T"]
[Result "1-0"]
[WhiteElo "2482"]
[BlackElo "2380"]
[EventDate "2007.01.23"]

1. e4 c5 2. Nf3 e6 3. d4 cxd4 4. Nxd4 a6 5. Bd3 Qc7 6. O-O Nf6 7. Qe2 d6 8.
f4 g6 9. Nc3 Bg7 10. e5 Nfd7 11. Ndb5 axb5 12. Nxb5 Qd8 13. Nxd6+ Kf8 14.
Be3 Nc6 15. a3 f5 16. Rad1 Qe7 17. Bb5 g5 18. g3 Kg8 19. Qc4 1-0

[Event "Gibtelecom Masters"]
[Site "Catalan Bay ENG"]
[Date "2007.01.31"]
[Round "8"]
[White "Bellaiche,A"]
[Black "Revesz,Z"]
[Result "1-0"]
[WhiteElo "2472"]
[BlackElo "2245"]
[EventDate "2007.01.23"]

1. d4 d5 2. c4 c6 3. Nf3 Nf6 4. Nc3 e6 5. Bg5 h6 6. Bxf6 Qxf6 7. e3 Nd7 8.
Bd3 dxc4 9. Bxc4 g6 10. O-O Bg7 11. b4 O-O 12. a4 e5 13. a5 exd4 14. exd4
Qf4 15. Re1 Nf6 16. g3 Qg4 17. Re7 Qh5 18. Nh4 Ng4 19. Ne4 g5 20. Nf3 Nf6
21. Qd3 Bf5 22. Nxf6+ Bxf6 23. Qxf5 Bxe7 24. g4 Qh3 25. Re1 Bd6 26. Bf1
Bxh2+ 27. Kh1 1-0

[Event "Gibtelecom Masters"]
[Site "Catalan Bay ENG"]
[Date "2007.01.31"]
[Round "8"]
[White "Sarkar,J"]
[Black "Felgaer,R"]
[Result "1-0"]
[WhiteElo "2405"]
[BlackElo "2556"]
[EventDate "2007.01.23"]

1. d4 Nf6 2. c4 g6 3. Nc3 Bg7 4. e4 d6 5. Be2 O-O 6. Nf3 Na6 7. O-O e5 8.
Be3 c6 9. d5 Ng4 10. Bg5 f6 11. Bd2 f5 12. Ne1 Nf6 13. exf5 gxf5 14. Kh1
Kh8 15. f4 e4 16. Nc2 c5 17. Ne3 Bd7 18. h3 Nc7 19. a4 Rg8 20. Be1 Qe7 21.
g4 Nfe8 22. g5 Na6 23. Qb3 Nb4 24. a5 h6 25. h4 Bd4 26. Bf2 hxg5 27. hxg5
Be5 28. Bh4 Bd4 29. Nc2 Nd3 30. Kg2 Nf6 31. Bxd3 exd3 32. Nxd4 cxd4 33.
Rae1 Qf7 34. Nb1 Ng4 35. Bf2 Kh7 36. Bxd4 Kg6 37. Qa3 1-0

[Event "Gibtelecom Masters"]
[Site "Catalan Bay ENG"]
[Date "2007.01.31"]
[Round "8"]
[White "Ippolito,D"]
[Black "Carlsson,P"]
[Result "1-0"]
[WhiteElo "2397"]
[BlackElo "2492"]
[EventDate "2007.01.23"]

1. d4 e6 2. c4 Nf6 3. Nc3 Bb4 4. Qc2 O-O 5. a3 Bxc3+ 6. Qxc3 b5 7. Qf3 d5
8. cxb5 c6 9. Bg5 cxb5 10. Bxf6 Qxf6 11. Qxf6 gxf6 12. e3 Bd7 13. Nf3 Rc8
14. Bd3 b4 15. Ke2 bxa3 16. bxa3 Ba4 17. Nd2 Nc6 18. Ba6 Rcb8 19. Rab1 Rb6
20. Bd3 Rab8 21. Rxb6 Rxb6 22. Rb1 e5 23. Rxb6 axb6 24. dxe5 fxe5 25. e4
Ne7 26. g3 dxe4 27. Nxe4 f5 28. Nd6 e4 29. Ba6 Bb3 30. Bc8 Nc6 31. Nxf5 Ne5
32. Nd6 Bc2 33. Bf5 Bd3+ 34. Ke3 Kf8 35. f4 Nf3 36. h4 Ne1 37. Bxe4 Bxe4
38. Kxe4 Ke7 39. Nc8+ 1-0

[Event "Gibtelecom Masters"]
[Site "Catalan Bay ENG"]
[Date "2007.01.31"]
[Round "8"]
[White "Citak,S"]
[Black "Ward,C"]
[Result "1/2-1/2"]
[WhiteElo "2310"]
[BlackElo "2456"]
[EventDate "2007.01.23"]

1. e4 c5 2. Nf3 d6 3. d4 cxd4 4. Nxd4 Nf6 5. Nc3 g6 6. Be3 a6 7. f3 b5 8.
Qd2 Bb7 9. a4 b4 10. Na2 e5 11. Qxb4 Qc7 12. Nb3 d5 13. Qd2 dxe4 14. Na5
exf3 15. Nxb7 Qxb7 16. O-O-O Nbd7 17. gxf3 Rb8 18. b3 Ba3+ 19. Kb1 O-O 20.
h4 Qxf3 21. Bxa6 Nc5 22. Bb5 Rfd8 23. Qe2 Rxd1+ 24. Rxd1 Qxe2 25. Bxe2 Nxb3
26. Bb5 Nc5 27. Bxc5 Bxc5 28. Nc3 e4 29. Nd5 Kg7 30. c4 Rd8 31. Kc2 Nxd5
32. cxd5 f5 33. a5 Kf6 34. a6 Ke5 35. Bc6 f4 36. d6 Rxd6 37. Rxd6 Kxd6 38.
Bxe4 Ke5 39. Kd3 Ba7 40. Bc6 h6 41. Ke2 g5 42. hxg5 hxg5 43. Kf3 1/2-1/2

[Event "Gibtelecom Masters"]
[Site "Catalan Bay ENG"]
[Date "2007.01.31"]
[Round "8"]
[White "Lahno,Kateri"]
[Black "Ly,M"]
[Result "1/2-1/2"]
[WhiteElo "2456"]
[BlackElo "2307"]
[EventDate "2007.01.23"]

1. e4 e6 2. d4 d5 3. Nc3 Nf6 4. Bg5 Bb4 5. e5 h6 6. Bd2 Bxc3 7. bxc3 Ne4 8.
Qg4 g6 9. Qf4 c5 10. Bd3 Nxd2 11. Qxd2 c4 12. Be2 Nd7 13. h4 Qe7 14. a3 b6
15. Nf3 Bb7 16. h5 g5 17. Nh2 f5 18. exf6 Nxf6 19. Qe3 O-O 20. O-O Rae8 21.
Ng4 Nxg4 22. Bxg4 e5 23. dxe5 Qxe5 24. Qxe5 Rxe5 25. Rfe1 Rfe8 26. Rxe5
Rxe5 27. Kf1 Kf7 28. g3 Bc6 29. Re1 Kf6 30. Rxe5 Kxe5 31. Ke2 d4 32. Kd2 a5
33. cxd4+ Kxd4 34. c3+ Kc5 35. Ke3 b5 36. Bf5 b4 37. axb4+ axb4 38. cxb4+
Kxb4 39. f4 gxf4+ 40. Kxf4 Kc5 41. Ke5 c3 42. Kf4 Kd6 1/2-1/2

[Event "Gibtelecom Masters"]
[Site "Catalan Bay ENG"]
[Date "2007.01.31"]
[Round "8"]
[White "Sharp,D"]
[Black "Wippermann,T"]
[Result "0-1"]
[WhiteElo "2085"]
[BlackElo "2403"]
[EventDate "2007.01.23"]

1. e4 c5 2. Nf3 g6 3. Nc3 Bg7 4. g3 Nc6 5. Bg2 d6 6. d3 Rb8 7. O-O b5 8.
Nh4 Nf6 9. f4 Bg4 10. Qe1 Nd4 11. Rf2 Bd7 12. h3 Nh5 13. Kh2 O-O 14. Nf3 b4
15. Nd1 f5 16. e5 Qc7 17. Ne3 Nxf3+ 18. Bxf3 dxe5 19. Nd5 Qd6 20. Re2 exf4
21. Nxf4 e5 22. Bxh5 gxh5 23. Nxh5 Bh8 24. Qd2 Qg6 25. Qh6 Rb6 26. Qg5 Be8
27. g4 Qxg5 28. Bxg5 Bxh5 29. gxh5 Kf7 30. Rf1 Ke6 31. c3 bxc3 32. bxc3
Rfb8 33. Kg3 Rg8 34. Kh4 h6 0-1

[Event "Gibtelecom Masters"]
[Site "Catalan Bay ENG"]
[Date "2007.01.31"]
[Round "8"]
[White "Ruxton,K"]
[Black "Harika,D"]
[Result "0-1"]
[WhiteElo "2282"]
[BlackElo "2421"]
[EventDate "2007.01.23"]

1. Nf3 d6 2. d4 g6 3. c4 Bg7 4. Nc3 Bg4 5. e3 c5 6. Be2 cxd4 7. exd4 Nh6 8.
Bxh6 Bxh6 9. Qb3 Qc8 10. h3 Bxf3 11. Bxf3 Nc6 12. Qa4 O-O 13. Rd1 Bg7 14.
Ne2 Qc7 15. O-O Qb6 16. Qb5 Qc7 17. Qa4 a6 18. Rd3 Rab8 19. Rfd1 Rfc8 20.
Nc3 e6 21. Bxc6 bxc6 22. Qc2 d5 23. Na4 Rb4 24. c5 Rc4 25. Qb3 Rb8 26. Nb6
e5 27. Qa3 Rc2 28. Rc3 Re2 29. Qxa6 Rxb2 30. Rb3 Rxb3 31. axb3 exd4 32. Re1
Rd8 33. g3 Bf6 34. b4 Kg7 35. Kg2 h5 36. h4 Qb8 37. Qe2 Qa7 38. Qd3 Qa2 39.
Re2 Qa1 40. b5 cxb5 41. Qxb5 Qc3 42. c6 Rb8 43. c7 Qxc7 44. Nxd5 Qxg3+ 45.
fxg3 Rxb5 46. Nc7 d3 47. Rf2 Re5 48. Rf3 Bd8 49. Na6 d2 50. Rd3 Ba5 0-1

[Event "Gibtelecom Masters"]
[Site "Catalan Bay ENG"]
[Date "2007.01.31"]
[Round "8"]
[White "Spraggett,K"]
[Black "Tscharotschkin,M"]
[Result "1-0"]
[WhiteElo "2633"]
[BlackElo "2197"]
[EventDate "2007.01.23"]

1. e4 e6 2. d4 d5 3. Nc3 Bb4 4. e5 c5 5. a3 Ba5 6. Bd2 Nc6 7. Qg4 Nge7 8.
dxc5 O-O 9. f4 d4 10. Ne4 Bxd2+ 11. Nxd2 b6 12. Bd3 Nf5 13. Ngf3 Ne3 14.
Bxh7+ Kxh7 15. Qh5+ Kg8 16. Ng5 Qxg5 17. Qxg5 f6 18. exf6 Rxf6 19. Nf3 Ba6
20. Kd2 Rd8 21. cxb6 axb6 22. b3 Rd5 23. Qg3 Ne7 24. Rhe1 N7f5 25. Qf2 Nd6
26. Kc1 Ne4 27. Qg1 Rxf4 28. Rxe3 dxe3 29. Qxe3 1-0